[Event "EU-chT (Men)"]
[Site "Batumi"]
[Date "1999.12.06"]
[Round "8.2"]
[White "Danner, Georg"]
[Black "Upton, Timothy J"]
[Result "1-0"]
[WhiteElo "2405"]
[BlackElo "2295"]
[PlyCount "63"]
[EventDate "1999.11.06"]
[Source "ChessBase"]
[SourceDate "2000.02.01"]

1. d4 d5 2. Nf3 Nf6 3. e3 e6 4. Bd3 b6 5. Nbd2 Bb7 6. Ne5 Be7 7. f4 O-O 8. Qf3 Nc6 9. c3 Nxe5 10. fxe5 Nd7 11. Qh3 g6 12. O-O Kg7 13. Nf3 h5 14. Bd2 Rh8 15. Rf2 Rh7 16. Raf1 Kh8 17. Be1 Qg8 18. g4 a5 19. b3 c5 20. Rg2 Ba6 21. c4 Bb7 22. cxd5 Bxd5 23. e4 Bb7 24. d5 exd5 25. gxh5 Nf8 26. exd5 Bxd5 27. h6 Be6 28. Qg3 Rxh6 29. Bd2 Rh5 30. Bg5 Rd8 31. h4 Nh7 32. Be4 1-0

[Event "Avoine Open"]
[Site "Avoine FRA"]
[Date "1995.??.??"]
[Round "5"]
[White "Pytel, Krzysztof"]
[Black "Neuillet, Alexandre"]
[Result "1/2-1/2"]
[WhiteElo "2490"]
[BlackElo "2205"]
[PlyCount "43"]
[EventDate "1995.08.??"]
[Source "www.chesslib.no"]
[SourceDate "2004.05.04"]

1. d4 d5 2. Nf3 Nf6 3. e3 e6 4. Bd3 Nbd7 5. O-O Bd6 6. Nbd2 O-O 7. Re1 e5 8. e4 h6 9. exd5 exd4 10. Nxd4 Nxd5 11. Nc4 Bc5 12. Nf5 N7f6 13. a3 Ne7 14. Nxe7+ Bxe7 15. Qf3 Bc5 16. Bf4 Be6 17. Rad1 Bg4 18. Bh7+ Kxh7 19. Rxd8 Bxf3 20. Rxa8 Rxa8 21. gxf3 Nd5 22. Bd2 1/2-1/2

[Event "Corr"]
[Site "?"]
[Date "2000.09.25"]
[Round "?"]
[White "Milligan Bernard (SCO)"]
[Black "Perez Cruz Francisco Hipolito"]
[Result "1/2-1/2"]
[WhiteElo "2381"]
[BlackElo "2308"]
[PlyCount "97"]
[EventDate "2000.??.??"]
[Source "www.chesslib.no"]
[SourceDate "2004.05.04"]

1. d4 d5 2. Nf3 Nf6 3. e3 e6 4. Bd3 c5 5. c3 Nc6 6. Nbd2 Bd6 7. Qc2 cxd4 8. exd4 Bd7 9. O-O Qc7 10. Re1 Rc8 11. a3 O-O 12. Nf1 e5 13. dxe5 Nxe5 14. Nxe5 Bxe5 15. Bg5 h6 16. Bxf6 Bxf6 17. Ne3 d4 18. Nd5 Qd6 19. Nxf6+ Qxf6 20. Rad1 Be6 21. c4 Bxc4 22. Bxc4 b5 23. Bxf7+ Qxf7 24. Qd2 d3 25. f3 Rc2 26. Qxd3 Rxb2 27. Rd2 Qb3 28. Re3 Qxd3 29. Rexd3 Rxd2 30. Rxd2 Rb8 31. g4 a5 32. Kf2 b4 33. axb4 axb4 34. Rb2 Kf7 35. Ke3 Kf6 36. f4 b3 37. h3 Rb4 38. Ke2 h5 39. gxh5 Kf5 40. Ke3 Rb5 41. Kf3 Rb6 42. Ke3 Rb4 43. Kd2 Kxf4 44. Kc1 Kg3 45. Rd2 Rb7 46. Rd6 Kxh3 47. Rg6 Kh4 48. h6 gxh6 49. Rxh6+ 1/2-1/2

[Event "Corr"]
[Site "?"]
[Date "2002.06.15"]
[Round "?"]
[White "Vincent David (FRA)"]
[Black "Ferreira Natalino Constancio"]
[Result "1/2-1/2"]
[WhiteElo "2259"]
[BlackElo "2430"]
[PlyCount "77"]
[EventDate "2002.??.??"]
[Source "www.chesslib.no"]
[SourceDate "2004.05.04"]

1. d4 d5 2. Nf3 Nf6 3. e3 e6 4. Bd3 c5 5. b3 Nc6 6. O-O Bd6 7. Bb2 O-O 8. Nbd2 Qe7 9. Ne5 cxd4 10. exd4 Ba3 11. Qc1 Bxb2 12. Qxb2 Bd7 13. a3 Qd6 14. Rae1 a6 15. f4 Ne7 16. g4 Bb5 17. c4 dxc4 18. bxc4 Bc6 19. Re3 Rad8 20. Rh3 g6 21. Nb3 b5 22. Nxc6 Nxc6 23. cxb5 axb5 24. g5 Nh5 25. Bxb5 Na7 26. Bc4 Rc8 27. Nc5 Nc6 28. Ne4 Qxd4+ 29. Qxd4 Nxd4 30. Rc3 Rc6 31. Bd3 Rxc3 32. Nxc3 Rc8 33. Ne2 Nxe2+ 34. Bxe2 Ra8 35. Bxh5 gxh5 36. Rf3 Kg7 37. Kg2 h6 38. h4 hxg5 39. fxg5 1/2-1/2

[Event "PER-ch"]
[Site "Lima"]
[Date "2000.10.15"]
[Round "11"]
[White "Belli Pino, Mario"]
[Black "Garcia Toledo, Pedro"]
[Result "1/2-1/2"]
[WhiteElo "2393"]
[BlackElo "2294"]
[PlyCount "50"]
[EventDate "2000.10.04"]
[Source "ChessBase"]
[SourceDate "2000.11.10"]

1. d4 d5 2. Nf3 Nf6 3. e3 e6 4. Bd3 c5 5. c3 Nbd7 6. O-O Bd6 7. Nbd2 O-O 8. e4 cxd4 9. cxd4 dxe4 10. Nxe4 Nxe4 11. Bxe4 Nf6 12. Bg5 h6 13. Bxf6 Qxf6 14. Qe2 Rb8 15. Rac1 Bd7 16. Ne5 Rfd8 17. Rc3 Be8 18. a3 g6 19. Bf3 Qf4 20. Rd1 Bxe5 21. Qxe5 Qxe5 22. dxe5 Rxd1+ 23. Bxd1 Rd8 24. Bf3 Bc6 25. Kf1 Bxf3 1/2-1/2

[Event "CAN-ch/zt"]
[Site "Toronto"]
[Date "1978.??.??"]
[Round "15"]
[White "Jauregui Andrade, Carlos"]
[Black "Berry, Jonathan"]
[Result "1/2-1/2"]
[WhiteElo "2365"]
[BlackElo "2320"]
[PlyCount "107"]
[EventDate "1978.08.??"]
[Source "ChessBase"]

1. d4 d5 2. Nf3 Nf6 3. e3 e6 4. Bd3 c5 5. c3 Nc6 6. Nbd2 Qc7 7. O-O Be7 8. Qe2 e5 9. Nxe5 Nxe5 10. dxe5 Qxe5 11. e4 dxe4 12. Nxe4 O-O 13. Nxf6+ Bxf6 14. Qf3 Re8 15. Bf4 Qe7 16. Rad1 Be6 17. Bd6 Qd7 18. Qh5 g6 19. Qxc5 b6 20. Qb4 Red8 21. Bb5 Qb7 22. Qa4 Bd5 23. Ba6 Qc6 24. Qxc6 Bxc6 25. Bc7 Rd5 26. Rxd5 Bxd5 27. a3 Re8 28. h3 Bb3 29. Bf4 h5 30. Be3 Kg7 31. Re1 Rd8 32. Kf1 g5 33. Ke2 Rd5 34. Bd3 Kf8 35. Bc1 Ke7 36. Be4 Bc4+ 37. Kf3 Re5 38. g4 hxg4+ 39. hxg4 Kd6 40. Be3 Rb5 41. Rd1+ Kc7 42. b4 a5 43. Rc1 Re5 44. Bd4 Re6 45. bxa5 bxa5 46. Rb1 Ba6 47. Ke3 Be7 48. a4 Bd6 49. Bb6+ Kd7 50. f3 Rh6 51. Bf5+ Ke7 52. Bxa5 Bc5+ 53. Ke4 Rd6 54. Rb5 1/2-1/2

[Event "La Coruna op"]
[Site "?"]
[Date "1998.09.07"]
[Round "3.15"]
[White "Obsivac, Josef"]
[Black "Petek, Primoz"]
[Result "1/2-1/2"]
[WhiteElo "2180"]
[BlackElo "2505"]
[PlyCount "55"]
[EventDate "1998.??.??"]
[Source "www.chesslib.no"]
[SourceDate "2004.05.04"]

1. d4 d5 2. Nf3 Nf6 3. e3 e6 4. Bd3 c5 5. c3 Nbd7 6. Nbd2 Be7 7. O-O O-O 8. Re1 Qc7 9. Qe2 b6 10. e4 dxe4 11. Nxe4 Bb7 12. Bg5 Rfe8 13. dxc5 bxc5 14. Nxf6+ Nxf6 15. Ne5 Bd6 16. Rad1 Nd5 17. Bc1 Rad8 18. c4 Nb4 19. Bg5 f6 20. Bxh7+ Kxh7 21. Qh5+ Kg8 22. Rxd6 fxg5 23. Red1 Nc6 24. Rxd8 Rxd8 25. Rxd8+ Nxd8 26. Qe8+ Kh7 27. Qh5+ Kg8 28. Qe8+ 1/2-1/2

[Event "4. NRW Klasse 1 0304"]
[Site "Germany"]
[Date "2003.11.09"]
[Round "3.1"]
[White "Straeter, Timo"]
[Black "Heinbuch, Detlef"]
[Result "1/2-1/2"]
[WhiteElo "2335"]
[BlackElo "2349"]
[PlyCount "142"]
[EventDate "2004.01.11"]
[Source "Roberto Alvarez"]
[SourceDate "2004.01.26"]

1. d4 d5 2. Nf3 Nf6 3. e3 e6 4. Bd3 c5 5. c3 Nc6 6. Ne5 Nxe5 7. dxe5 Nd7 8. f4 g6 9. Nd2 Bg7 10. e4 a6 11. O-O b5 12. exd5 exd5 13. Qf3 Bb7 14. Qh3 Qb6 15. Kh1 O-O-O 16. Nf3 Rde8 17. b4 c4 18. Bc2 f6 19. a4 fxe5 20. axb5 axb5 21. fxe5 Bxe5 22. Nxe5 Rxe5 23. Bf4 Re6 24. Bg3 Rhe8 25. Bf2 d4 26. Bxd4 Qc6 27. Bd1 Re1 28. Bf3 Rxf1+ 29. Rxf1 Qe6 30. Bxb7+ Kxb7 31. Qxh7 Re7 32. Qh4 Rf7 33. Ra1 Qe2 34. Qd8 Rf1+ 35. Rxf1 Qxf1+ 36. Bg1 Qf5 37. h3 Kc6 38. Qc8+ Kd5 39. Qb7+ Ke6 40. Qc6+ Kf7 41. Qd6 Qe6 42. Qxe6+ Kxe6 43. Bd4 Kf5 44. Kg1 Nf8 45. Kf2 Ke4 46. Ke2 Ne6 47. Be3 Nc7 48. g3 Nd5 49. Bd2 Nf6 50. g4 Nd5 51. h4 Nf6 52. h5 gxh5 53. g5 Ng8 54. g6 Kf5 55. g7 h4 56. Kf3 h3 57. Be3 Ke6 58. Bd4 Kf7 59. Kg3 Nh6 60. Kxh3 Nf5 61. Be5 Nxg7 62. Kg4 Ne6 63. Kf5 Nf8 64. Bf6 Nd7 65. Bg5 Nb6 66. Ke5 Na4 67. Bd2 Ke7 68. Kd5 Kd7 69. Be1 Kc7 70. Bg3+ Kb6 71. Be5 Ka6 1/2-1/2

[Event "Wch U16"]
[Site "Oropesa del Mar"]
[Date "1999.11.05"]
[Round "11"]
[White "Wirig, Anthony"]
[Black "Azarov, Sergei"]
[Result "1/2-1/2"]
[WhiteElo "2250"]
[BlackElo "2432"]
[PlyCount "27"]
[EventDate "1999.10.24"]
[Source "ChessBase"]
[SourceDate "1999.11.18"]

1. d4 d5 2. Nf3 Nf6 3. e3 e6 4. Bd3 Be7 5. Nbd2 O-O 6. b3 c5 7. Bb2 Nc6 8. O-O b6 9. a3 Bb7 10. Ne5 Nxe5 11. dxe5 Ne4 12. Nxe4 dxe4 13. Be2 Qc7 14. c4 1/2-1/2

[Event "DEN Ch"]
[Site "Denmark"]
[Date "1986.??.??"]
[Round "2"]
[White "Hoi, Carsten"]
[Black "Sorensen, Torben"]
[Result "1/2-1/2"]
[WhiteElo "2405"]
[BlackElo "2275"]
[PlyCount "39"]
[EventDate "1986.??.??"]
[Source "www.chesslib.no"]
[SourceDate "2004.05.04"]

1. d4 d5 2. Nf3 Nf6 3. e3 e6 4. Bd3 c5 5. c3 Nbd7 6. O-O Bd6 7. Nbd2 O-O 8. e4 cxd4 9. cxd4 dxe4 10. Nxe4 Nxe4 11. Bxe4 Nf6 12. Bc2 b6 13. Bg5 Bb7 14. Qd3 g6 15. Rfe1 Rc8 16. Ba4 Kg7 17. Rad1 Be7 18. a3 Bxf3 19. Qxf3 Qd5 20. Bxf6+ 1/2-1/2

[Event "HUN-chT9899"]
[Site "HUN"]
[Date "1998.??.??"]
[Round "?"]
[White "Meszaros, Gyula"]
[Black "Kerek, Csaba"]
[Result "1/2-1/2"]
[WhiteElo "2305"]
[BlackElo "2365"]
[PlyCount "59"]
[EventDate "1998.??.??"]
[Source "www.chesslib.no"]
[SourceDate "2004.05.04"]

1. d4 d5 2. Nf3 Nf6 3. e3 e6 4. Bd3 c5 5. c3 Nc6 6. Nbd2 Be7 7. O-O O-O 8. Qe2 Qc7 9. h3 b6 10. dxc5 Bxc5 11. e4 Nh5 12. Qd1 Nf4 13. Nb3 dxe4 14. Bxe4 Bd6 15. Nbd4 Nxd4 16. Nxd4 Ba6 17. Bxa8 Bxf1 18. Qxf1 Rxa8 19. Nb5 Qc6 20. Nxd6 Qxd6 21. Bxf4 Qxf4 22. Rd1 Qc7 23. Qd3 g6 24. Qd7 Rc8 25. Qa4 a5 26. Qb5 Qc5 27. Qxc5 Rxc5 28. Rd7 a4 29. Ra7 Rb5 30. Rxa4 1/2-1/2

[Event "Brasilia BCX Open 6th"]
[Site "?"]
[Date "2002.08.29"]
[Round "6"]
[White "Chemin Vitorio"]
[Black "Coelho Luis Henrique"]
[Result "0-1"]
[WhiteElo "2316"]
[BlackElo "2352"]
[PlyCount "120"]
[EventDate "2002.??.??"]
[Source "www.chesslib.no"]
[SourceDate "2004.05.04"]

1. d4 d5 2. Nf3 Nf6 3. e3 e6 4. Bd3 c5 5. c3 Nc6 6. Nbd2 Bd6 7. O-O O-O 8. dxc5 Bxc5 9. e4 h6 10. Qe2 Qc7 11. h3 Nh5 12. Nb3 Ng3 13. Qc2 dxe4 14. Bxe4 Nxe4 15. Qxe4 Bd6 16. Nbd4 Nxd4 17. Nxd4 Bd7 18. Bd2 a6 19. Rad1 f5 20. Qc2 Rae8 21. f4 Bc5 22. Bc1 Bc6 23. Kh1 Be4 24. Qe2 e5 25. Qc4+ Rf7 26. fxe5 b5 27. Qe2 Qxe5 28. Bf4 Qe7 29. Qf2 Qb7 30. Qg3 Kh7 31. h4 Rf6 32. h5 Qf7 33. Qh3 Qxa2 34. b4 Ba7 35. Nf3 Bb8 36. Bxb8 Rxb8 37. Ne5 Re8 38. Ng6 Qe2 39. Rfe1 Bxg2+ 40. Qxg2 Qxh5+ 41. Qh2 Rxe1+ 42. Rxe1 Qf3+ 43. Qg2 Qxg2+ 44. Kxg2 Rxg6+ 45. Kf3 Rc6 46. Kf4 Kg6 47. Ke5 Rxc3 48. Rg1+ Kf7 49. Kxf5 Rc4 50. Ra1 Rc6 51. Rd1 Rf6+ 52. Ke5 g5 53. Rd7+ Kg6 54. Rd8 Rf4 55. Rd6+ Kh5 56. Rxa6 Rxb4 57. Kf6 Kg4 58. Ra1 Kf3 59. Kg6 Rh4 60. Ra3+ Ke2 0-1

[Event "Budapest HUN"]
[Site "?"]
[Date "2002.12.11"]
[Round "5"]
[White "Dresen Ulrich"]
[Black "Graham Nathaniel"]
[Result "1/2-1/2"]
[WhiteElo "2316"]
[BlackElo "2346"]
[PlyCount "29"]
[EventDate "2002.??.??"]
[Source "www.chesslib.no"]
[SourceDate "2004.05.04"]

1. d4 d5 2. Nf3 Nf6 3. e3 e6 4. Bd3 c5 5. b3 Nc6 6. O-O Bd6 7. Bb2 O-O 8. Nbd2 b6 9. Ne5 Qc7 10. Nxc6 Qxc6 11. dxc5 Qxc5 12. Bxf6 gxf6 13. Qg4+ Kh8 14. Qh4 f5 15. Qf6+ 1/2-1/2

[Event "Open"]
[Site "?"]
[Date "2003.??.??"]
[Round "4"]
[White "Vorobyov Yuriy"]
[Black "Revuckij Vladimir"]
[Result "0-1"]
[WhiteElo "2260"]
[BlackElo "2400"]
[PlyCount "69"]
[EventDate "2003.??.??"]
[Source "www.chesslib.no"]
[SourceDate "2004.05.04"]

1. d4 d5 2. Nf3 Nf6 3. e3 e6 4. Bd3 Be7 5. O-O c5 6. b3 Nc6 7. Bb2 O-O 8. Nbd2 b6 9. a3 Bb7 10. Qe2 Rc8 11. Rfd1 Re8 12. Rac1 Rc7 13. Ne5 cxd4 14. exd4 Nxe5 15. dxe5 Nd7 16. Qh5 g6 17. Qg4 Nc5 18. Bf1 Bg5 19. f4 Be7 20. c4 Rd7 21. b4 dxc4 22. Nxc4 Nd3 23. Bxd3 Rxd3 24. Nd6 Bxd6 25. Rxd3 Bc5+ 26. bxc5 Qxd3 27. c6 Qe3+ 28. Kh1 Bxc6 29. Qg3 Qd2 30. h3 Be4 31. Re1 Bxg2+ 32. Kg1 Rc8 33. f5 Bxh3 34. f6 Rc4 35. Re4 0-1

[Event "Skopje ol (Men)"]
[Site "Skopje MKD"]
[Date "1972.10.11"]
[Round "14.2"]
[White "Beyen, Roland"]
[Black "Myagmarsuren, Lhamsuren"]
[Result "1/2-1/2"]
[WhiteElo "2280"]
[BlackElo "2380"]
[PlyCount "71"]
[EventDate "1972.09.??"]
[Source "www.chesslib.no"]
[SourceDate "2004.05.04"]

1. d4 d5 2. Nf3 Nf6 3. e3 e6 4. Bd3 Be7 5. O-O Nbd7 6. Nbd2 b6 7. c3 O-O 8. e4 dxe4 9. Nxe4 Bb7 10. Qe2 Nxe4 11. Bxe4 Bxe4 12. Qxe4 Nf6 13. Qe2 c5 14. dxc5 Bxc5 15. Bg5 Qc7 16. Bxf6 gxf6 17. Rad1 Rfd8 18. Rxd8+ Rxd8 19. Rd1 Rxd1+ 20. Qxd1 Qf4 21. g3 Qe4 22. a3 b5 23. Ne1 a6 24. Nd3 Bb6 25. Nf4 Kf8 26. Qe2 Qxe2 27. Nxe2 Ke7 28. Kf1 Kd6 29. Nf4 f5 30. Ke2 Bd8 31. Ng2 Bg5 32. Kd3 Bc1 33. Kc2 Bg5 34. Kd3 Bc1 35. Kc2 Bg5 36. Kd3 1/2-1/2

[Event "Oberwart op"]
[Site "Oberwart"]
[Date "1996.??.??"]
[Round "5"]
[White "Danner, Georg"]
[Black "Schuh, Franz"]
[Result "1-0"]
[WhiteElo "2375"]
[BlackElo "2285"]
[PlyCount "116"]
[EventDate "1996.07.??"]
[Source "www.chesslib.no"]
[SourceDate "2004.05.04"]

1. d4 d5 2. Nf3 Nf6 3. e3 e6 4. Bd3 Be7 5. Nbd2 Nbd7 6. O-O O-O 7. Ne5 Nxe5 8. dxe5 Nd7 9. f4 f5 10. exf6 Nxf6 11. Qe2 c5 12. c3 Qc7 13. e4 c4 14. Bc2 e5 15. f5 b5 16. exd5 Bb7 17. Ne4 Bxd5 18. Nxf6+ Bxf6 19. Be3 Rfd8 20. Rad1 Qb7 21. Qg4 Rd7 22. h4 Rad8 23. Kh2 Bc6 24. Rxd7 Qxd7 25. h5 Kh8 26. Rd1 Qe7 27. Rxd8+ Qxd8 28. h6 Qd7 29. hxg7+ Qxg7 30. Qxg7+ Kxg7 31. Bxa7 Bg5 32. Bb6 Bc1 33. b3 Bd2 34. bxc4 bxc4 35. Ba5 e4 36. g4 e3 37. Bd1 Be4 38. Kg3 h5 39. gxh5 Bxf5 40. Be2 Bd3 41. Kf3 Kh6 42. Bb4 Kxh5 43. a4 Kg5 44. a5 Kf5 45. a6 Be4+ 46. Kg3 Be1+ 47. Kh2 Bh4 48. Bxc4 Kf4 49. Be2 Bg3+ 50. Kh3 Bf5+ 51. Kg2 Be4+ 52. Kf1 Ke5 53. a7 Bh4 54. Bh5 Bd8 55. Bc5 Kf4 56. Ke2 Ba5 57. Bd6+ Kg5 58. Bf3 Bb6 1-0

[Event "Leinfelder Schachtage op 1st"]
[Site "?"]
[Date "2000.??.??"]
[Round "2"]
[White "Kloepfer Markus"]
[Black "Meijers Viesturs"]
[Result "0-1"]
[WhiteElo "2177"]
[BlackElo "2482"]
[PlyCount "96"]
[EventDate "2000.??.??"]
[Source "www.chesslib.no"]
[SourceDate "2004.05.04"]

1. d4 d5 2. Nf3 Nf6 3. e3 e6 4. Bd3 c5 5. Nbd2 Nbd7 6. O-O Bd6 7. c4 O-O 8. b3 cxd4 9. Nxd4 b6 10. cxd5 Nxd5 11. Ne4 Ne5 12. Nxd6 Qxd6 13. a4 Nxd3 14. Qxd3 Rd8 15. Ba3 Qd7 16. Qb5 Bb7 17. Rfc1 a6 18. Qxd7 Rxd7 19. Rc2 e5 20. Nc6 f6 21. Nb4 Ne7 22. f3 a5 23. Na2 Nf5 24. Re1 Rd3 25. Nc1 Rxe3 26. Rxe3 Nxe3 27. Rc7 Bd5 28. Rd7 Rc8 29. Kf2 Bc6 30. Rd2 Nf5 31. Rc2 Nd4 32. Rc3 b5 33. Rc5 Ne6 34. Rc2 b4 35. Bb2 Kf7 36. Ne2 Ke7 37. Bc1 Kd7 38. Be3 Kc7 39. g3 Kb7 40. Nc1 Rd8 41. f4 Rd1 42. Ke2 Rh1 43. Kd3 e4+ 44. Kc4 Rd1 45. Ne2 Rd3 46. Bd4 Nc7 47. Bg1 Bd5+ 48. Kc5 Bxb3 0-1

[Event "Budapest HUN"]
[Site "?"]
[Date "2005.10.11"]
[Round "11"]
[White "Werner Dimo"]
[Black "Varga Csaba"]
[Result "1-0"]
[WhiteElo "2379"]
[BlackElo "2279"]
[PlyCount "86"]
[EventDate "2005.??.??"]
[Source "www.chesslib.no"]
[SourceDate "2004.05.04"]

1. d4 d5 2. Nf3 Nf6 3. e3 e6 4. Bd3 c5 5. b3 Nc6 6. O-O Bd6 7. Bb2 O-O 8. Nbd2 Qe7 9. Ne5 Nb4 10. Be2 Nd7 11. a3 Nc6 12. Ndf3 Rd8 13. Bd3 f6 14. Nxd7 Bxd7 15. dxc5 Bxc5 16. c4 dxc4 17. bxc4 e5 18. Qc2 g6 19. Nd2 Bb6 20. Nb1 Be6 21. Nc3 Rac8 22. Qe2 Na5 23. Nd5 Bxd5 24. cxd5 Rxd5 25. Rad1 Rdc5 26. h4 Nc4 27. Ba1 e4 28. Bc2 Kg7 29. Ba4 R5c7 30. h5 Ne5 31. Rd5 Rc5 32. Rd4 Nf3+ 33. gxf3 Rg5+ 34. Kh1 Rxh5+ 35. Kg2 Rg5+ 36. Kh2 Bxd4 37. Bxd4 Rh5+ 38. Kg1 Qe6 39. fxe4 Qh3 40. f4 Qh1+ 41. Kf2 Rh2+ 42. Kg3 Rh3+ 43. Kf2 Qxe4 1-0

[Event "Donne Haas mem"]
[Site "Bonnevoie"]
[Date "1999.09.18"]
[Round "1"]
[White "Sonntag, Hans Hubert"]
[Black "Upton, Timothy J"]
[Result "1/2-1/2"]
[WhiteElo "2362"]
[BlackElo "2295"]
[PlyCount "82"]
[EventDate "1999.09.18"]
[Source "www.chesslib.no"]
[SourceDate "2004.05.04"]

1. d4 d5 2. Nf3 Nf6 3. e3 e6 4. Bd3 b6 5. b3 Bb7 6. Bb2 Be7 7. O-O O-O 8. Nbd2 Nbd7 9. c4 c5 10. Rc1 Rc8 11. Qe2 Ne4 12. Bb1 f5 13. Nxe4 fxe4 14. Nd2 Bd6 15. f3 Qh4 16. g3 Qh5 17. cxd5 exd5 18. Qg2 Ba6 19. fxe4 Bxf1 20. Nxf1 cxd4 21. Rxc8 Rxc8 22. exd4 Qd1 23. e5 Qxb1 24. exd6 Rf8 25. Bc3 Rf7 26. Qe2 Nf6 27. Bb4 a5 28. Bd2 Ne4 29. Bf4 Qa1 30. d7 Rxd7 31. Qb5 Qxa2 32. Nd2 Nxd2 33. Qxd7 Qb1+ 34. Kf2 Ne4+ 35. Kg2 Qc2+ 36. Kh3 Nf2+ 37. Kh4 Qe4 38. Qd8+ Kf7 39. Qc7+ Kg8 40. Qd8+ Kf7 41. Qc7+ Kg8 1/2-1/2

[Event "Ch India (b)"]
[Site "Dindigul (India)"]
[Date "2007.06.18"]
[Round "11"]
[White "Shankar Roy (IND)"]
[Black "Mohota Nisha (IND)"]
[Result "1-0"]
[WhiteElo "2344"]
[BlackElo "2311"]
[PlyCount "67"]
[EventDate "2007.??.??"]
[Source "www.chesslib.no"]
[SourceDate "2004.05.04"]

1. d4 d5 2. Nf3 Nf6 3. e3 e6 4. Bd3 Nbd7 5. b3 c5 6. Bb2 Be7 7. Nbd2 b6 8. O-O Bb7 9. c4 O-O 10. cxd5 Nxd5 11. Rc1 cxd4 12. Nxd4 N7f6 13. Qe2 Rc8 14. Nc4 Nb4 15. Bb1 Qd5 16. f3 Qh5 17. Qf2 b5 18. Na5 Bd6 19. g3 Ba8 20. a3 Nfd5 21. axb4 Qg5 22. f4 Qh5 23. Nac6 Nf6 24. e4 Rfe8 25. e5 Ng4 26. Qe2 Bf8 27. Be4 Qh3 28. Bf3 h5 29. Rfe1 f6 30. Qg2 Qxg2+ 31. Bxg2 fxe5 32. fxe5 g6 33. h3 Bh6 34. Ne7+ 1-0

[Event "Baunatal op 4th"]
[Site "Baunatal"]
[Date "1998.??.??"]
[Round "4"]
[White "Khurtsilava, Inga"]
[Black "Meijers, Viesturs"]
[Result "1/2-1/2"]
[WhiteElo "2245"]
[BlackElo "2410"]
[PlyCount "91"]
[EventDate "1998.08.??"]
[Source "www.chesslib.no"]
[SourceDate "2004.05.04"]

1. d4 d5 2. Nf3 Nf6 3. e3 e6 4. Bd3 c5 5. b3 Nbd7 6. Nbd2 b6 7. Bb2 Bb7 8. O-O Qc7 9. Ne5 Nxe5 10. dxe5 Nd7 11. f4 g6 12. c4 Bg7 13. Qe1 O-O-O 14. a4 a5 15. Qe2 Rhe8 16. cxd5 exd5 17. Bb5 Kb8 18. Nf3 Re7 19. Rfc1 Bc6 20. Nd4 Bb7 21. b4 axb4 22. a5 bxa5 23. Nb3 Bf8 24. Bd4 Re6 25. Bxd7 Qxd7 26. Bxc5 a4 27. Bxf8 axb3 28. Bd6+ Rxd6 29. exd6 Qxd6 30. Qb2 d4 31. Qxb3 d3 32. Rc4 Qe6 33. e4 d2 34. Rd1 Rd4 35. Rxb4 Qxe4 36. Rxb7+ Qxb7 37. Qe3 Qb4 38. Qe8+ Kc7 39. Qxf7+ Rd7 40. Qa2 Qxf4 41. Qa5+ Kc6 42. Qa8+ Kc7 43. Qa5+ Kc8 44. Qa8+ Qb8 45. Qxb8+ Kxb8 46. Kf2 1/2-1/2

[Event "FS IM Nov, Budapest HUN"]
[Site "Budapest"]
[Date "1996.??.??"]
[Round "?"]
[White "Martic, Z."]
[Black "Hedke, F."]
[Result "1/2-1/2"]
[WhiteElo "2275"]
[BlackElo "2380"]
[PlyCount "97"]
[EventDate "1996.??.??"]
[Source "www.chesslib.no"]
[SourceDate "2004.05.04"]

1. d4 d5 2. Nf3 Nf6 3. e3 e6 4. Bd3 b6 5. O-O Bb7 6. b3 Be7 7. Bb2 O-O 8. Ne5 Nbd7 9. f4 Ne4 10. Nd2 f6 11. Nxd7 Qxd7 12. a3 Rae8 13. Nf3 Bd6 14. Qe2 Qe7 15. c4 Rd8 16. Qc2 Rc8 17. Bxe4 dxe4 18. Nd2 f5 19. b4 c5 20. dxc5 bxc5 21. b5 e5 22. g3 Rf7 23. Rad1 Qe6 24. Nb3 exf4 25. gxf4 Be7 26. Rf2 Bf6 27. Rfd2 Bxb2 28. Qxb2 Qg6+ 29. Rg2 Qh5 30. Rd6 Qh4 31. Qd2 h6 32. Rg3 Kh7 33. Na5 Rcc7 34. a4 Qe7 35. Nxb7 Rxb7 36. Rg2 Qh4 37. a5 Rbd7 38. Rg3 Qd8 39. Rgg6 Rxd6 40. Rxd6 Qh4 41. Qf2 Qe7 42. Qd2 g5 43. Qd5 gxf4 44. exf4 e3 45. Qe6 Rg7+ 46. Kf1 Qh4 47. Qxf5+ Kh8 48. Qf8+ Kh7 49. Qf5+ 1/2-1/2

[Event "Corr"]
[Site "?"]
[Date "2001.??.??"]
[Round "?"]
[White "Broeker Clemens"]
[Black "De Wolf Ben"]
[Result "1-0"]
[WhiteElo "2449"]
[BlackElo "2203"]
[PlyCount "43"]
[EventDate "2001.??.??"]
[Source "www.chesslib.no"]
[SourceDate "2004.05.04"]

1. d4 d5 2. Nf3 Nf6 3. e3 e6 4. Bd3 c5 5. O-O Nc6 6. b3 Bd6 7. Bb2 Qe7 8. Ne5 O-O 9. Nd2 cxd4 10. exd4 Ba3 11. Bxa3 Qxa3 12. c3 h6 13. f4 Bd7 14. g4 Qb2 15. Rc1 Qxa2 16. g5 hxg5 17. fxg5 Nxe5 18. gxf6 Ng6 19. Rc2 Qa5 20. Qh5 Bb5 21. c4 Ba6 22. Nf3 1-0

[Event "WC.2002.S.00007"]
[Site "?"]
[Date "2000.??.??"]
[Round "?"]
[White "May Hans Werner"]
[Black "Keskowski Thilo"]
[Result "1-0"]
[WhiteElo "2325"]
[BlackElo "2325"]
[PlyCount "63"]
[EventDate "2000.??.??"]
[Source "www.chesslib.no"]
[SourceDate "2004.05.04"]

1. d4 d5 2. Nf3 Nf6 3. e3 e6 4. Bd3 c5 5. b3 Nc6 6. O-O Bd6 7. Bb2 Qe7 8. Ne5 O-O 9. Nd2 cxd4 10. exd4 Ba3 11. Bxa3 Qxa3 12. c3 Bd7 13. f4 Rfc8 14. g4 Qa5 15. b4 Qa3 16. Rc1 Nxe5 17. fxe5 Rxc3 18. Rxc3 Qxc3 19. Nb3 Nxg4 20. Qf3 Kh8 21. Qxg4 Qxd3 22. Nc5 Qe3+ 23. Kh1 Be8 24. Nxe6 g6 25. Qh4 Qe4+ 26. Qxe4 dxe4 27. Nc7 Rc8 28. Nxe8 Rxe8 29. Rxf7 Kg8 30. Rf4 Rc8 31. d5 e3 32. Kg2 1-0

[Event "TCh-FIN"]
[Site "?"]
[Date "2000.??.??"]
[Round "?"]
[White "Puranen, J."]
[Black "Nevanlinna, R."]
[Result "1-0"]
[WhiteElo "2315"]
[BlackElo "2330"]
[PlyCount "109"]
[EventDate "2000.??.??"]
[Source "www.chesslib.no"]
[SourceDate "2004.05.04"]

1. d4 d5 2. Nf3 Nf6 3. e3 e6 4. Bd3 Nbd7 5. O-O Bd6 6. Nbd2 c5 7. c3 O-O 8. e4 cxd4 9. cxd4 dxe4 10. Nxe4 Nxe4 11. Bxe4 Nf6 12. Bd3 b6 13. Qe2 Bb7 14. Rd1 Rc8 15. Bg5 Be7 16. Ba6 Bxa6 17. Qxa6 Nd5 18. Bd2 Rc2 19. b3 Qc7 20. Rdc1 Nb4 21. Qa4 a5 22. Rxc2 Qxc2 23. Qb5 Qb2 24. Rf1 Nd5 25. a4 Rc8 26. Qd7 Rd8 27. Qb5 Bf6 28. Qc4 h6 29. h3 Qa3 30. Rc1 Qd6 31. Qc6 Ne7 32. Qxd6 Rxd6 33. b4 Nf5 34. bxa5 bxa5 35. Bxa5 Nxd4 36. Rc8+ Kh7 37. Rc4 Nxf3+ 38. gxf3 Ra6 39. Bc7 Kg6 40. Kf1 e5 41. Ke2 Kf5 42. Kd3 Ke6 43. a5 g6 44. Bb6 Be7 45. Kc3 Kd5 46. Rc7 Kd6 47. Kc4 Bd8 48. Rxf7 Bxb6 49. axb6 Kc6 50. b7 Rb6 51. Rf6+ Kxb7 52. Rxb6+ Kxb6 53. Kd5 g5 54. Kxe5 Kc5 55. f4 1-0

[Event "SCO-ch100"]
[Site "Scotland"]
[Date "1993.??.??"]
[Round "?"]
[White "McKay, Roderick M"]
[Black "Upton, Timothy J"]
[Result "1-0"]
[WhiteElo "2375"]
[BlackElo "2270"]
[PlyCount "77"]
[EventDate "1993.??.??"]
[Source "www.chesslib.no"]
[SourceDate "2004.05.04"]

1. d4 d5 2. Nf3 Nf6 3. e3 e6 4. Bd3 Be7 5. O-O b6 6. Ne5 Bb7 7. Nd2 O-O 8. Qe2 c5 9. c3 Nc6 10. f4 Nd7 11. Rf3 f5 12. Nxd7 Qxd7 13. Rh3 g6 14. Nf3 Nd8 15. Bd2 Nf7 16. Be1 Bf6 17. Kh1 Qc7 18. Bh4 Bg7 19. Rg1 Bc8 20. Ne5 Nxe5 21. fxe5 Rb8 22. g4 Bb7 23. Bg3 Rbe8 24. Bf4 Qe7 25. Qe1 Rf7 26. Bg5 Qxg5 27. gxf5 Qe7 28. fxg6 Rf5 29. Bxf5 exf5 30. gxh7+ Kh8 31. Qg3 Bc8 32. Rh5 Rf8 33. Rg5 Rf7 34. Qh4 Be6 35. Qh5 Bd7 36. R1g2 Qf8 37. Qg6 Be8 38. Qe6 Re7 39. Qd6 1-0